000
00319nam a22001457a 4500
008
211012b ||||| |||| 00| 0 eng d
020
_a
9780136090984
041
_a
eng
080
_2
2nd
_a
33
082
_a
33
100
_a
58
101
_a
BIZ
245
_a
International Business
_c
Cavusgil, S.T
942
_2
udc
_c
BK
999
_c
58174
_d
58174